[Event "I Festival A"]
[Site "Roseto degli Abruzzi ITA"]
[Date "2010.06.06"]
[Round "3"]
[White "Vuelban, Virgilio"]
[Black "Ori, Marco"]
[WhiteElo "2369"]
[BlackElo "2106"]
[Result "1-0"]
[PlyCount "97"]
[EventDate "2010.06.04"]

1. e4 c6 2. d4 d5 3. Nc3 dxe4 4. Nxe4 Nd7 5. Nf3 Ngf6 6. Nxf6+ Nxf6 7. Ne5 Be6
8. Be2 g6 9. O-O Bg7 10. Re1 O-O 11. c3 Rc8 12. Nd3 b6 13. Nf4 Bd7 14. Bf3 e6
15. Qe2 c5 16. Be3 cxd4 17. Bxd4 Bc6 18. Bxc6 Rxc6 19. Qa6 Rc7 20. a4 Nd5 21.
Bxg7 Kxg7 22. Rad1 Rd7 23. Nxd5 exd5 24. g3 d4 25. Qd3 Qf6 26. Re4 Rfd8 27.
cxd4 Rd5 28. Qe3 R8d7 29. Rh4 h5 30. Re4 b5 31. axb5 Rxb5 32. Qc3 Rdb7 33. Rf4
Rf5 34. Rxf5 Qxf5 35. d5+ Kh7 36. d6 Rd7 37. h4 Qe6 38. Qc6 Kg7 39. b4 Kh7 40.
Kg2 Kg7 41. Rd3 Kh7 42. Rd4 Kg7 43. Kf3 Kh7 44. Qd5 Qxd5+ 45. Rxd5 Kg7 46. Ke4
Kf6 47. Kd4 Ke6 48. Kc5 f6 49. Kc6 1-0

[Event "I Festival A"]
[Site "Roseto degli Abruzzi ITA"]
[Date "2010.06.07"]
[Round "4"]
[White "Barlocco, Carlo"]
[Black "Sbraccia, Giovanni"]
[WhiteElo "2156"]
[BlackElo "2091"]
[Result "1-0"]
[PlyCount "66"]
[EventDate "2010.06.04"]

1. c4 Nf6 2. Nc3 e5 3. Nf3 Nc6 4. g3 Bb4 5. Nd5 Bc5 6. b4 Bxf2+ 7. Kxf2 e4 8.
Bb2 exf3 9. Nxf6+ gxf6 10. b5 Ne5 11. exf3 d6 12. d4 Ng6 13. Qd2 d5 14. Qh6 Be6
15. Re1 Qd7 16. Qd2 O-O 17. c5 c6 18. a4 Bh3 19. Bd3 Bf5 20. h4 h5 21. Be2 Rfe8
22. g4 hxg4 23. h5 g3+ 24. Kxg3 Qc7+ 25. Kf2 Nf4 26. Reg1+ Kh7 27. Bf1 Rg8 28.
Bc1 Rxg1 29. Rxg1 Nd3+ 30. Bxd3 Qh2+ 31. Rg2 Qh4+ 32. Kg1 Qxd4+ 33. Kh1 Qc4 1-0

[Event "I Festival A"]
[Site "Roseto degli Abruzzi ITA"]
[Date "2010.06.07"]
[Round "4"]
[White "Bove, Alessandro"]
[Black "Epishin, Vladimir V."]
[WhiteElo "2346"]
[BlackElo "2611"]
[Result "1/2-1/2"]
[PlyCount "36"]
[EventDate "2010.06.04"]

1. d4 Nf6 2. c4 d6 3. Nc3 Nbd7 4. Nf3 c6 5. g3 Rb8 6. Bg2 b5 7. cxb5 cxb5 8.
O-O e6 9. b4 Be7 10. a4 bxa4 11. Qxa4 a6 12. d5 exd5 13. Nd4 Bb7 14. Nf5 O-O
15. Be3 Re8 16. Nxe7+ Rxe7 17. Bd4 Ne5 18. Rfd1 Qc8 1/2-1/2

[Event "I Festival A"]
[Site "Roseto degli Abruzzi ITA"]
[Date "2010.06.07"]
[Round "4"]
[White "Cocchi, Andrea"]
[Black "Naumkin, Igor"]
[WhiteElo "2244"]
[BlackElo "2480"]
[Result "0-1"]
[PlyCount "70"]
[EventDate "2010.06.04"]

1. Nf3 Nf6 2. c4 e6 3. d4 b6 4. g3 Bb7 5. Bg2 Be7 6. O-O O-O 7. Nc3 Ne4 8. Nxe4
Bxe4 9. Ne1 f5 10. f3 Bb7 11. Nd3 c5 12. dxc5 bxc5 13. Be3 Qc7 14. Qd2 a5 15.
Rfd1 e5 16. Bg5 Bxg5 17. Qxg5 d6 18. Qd2 Nc6 19. e3 Rf6 20. f4 e4 21. Nf2 Qf7
22. Qc3 h6 23. g4 Ne7 24. Kh1 Rg6 25. h3 a4 26. Rd2 Rc8 27. Rad1 d5 28. gxf5
Rxg2 29. Kxg2 d4 30. Qa5 Nxf5 31. Ng4 h5 32. Ne5 Nxe3+ 33. Kh1 Qxf4 34. Qa7
Qxe5 35. Qxb7 Rb8 0-1

[Event "I Festival A"]
[Site "Roseto degli Abruzzi ITA"]
[Date "2010.06.07"]
[Round "4"]
[White "Ori, Marco"]
[Black "Procacci, Sergio"]
[WhiteElo "2106"]
[BlackElo "2060"]
[Result "1-0"]
[PlyCount "123"]
[EventDate "2010.06.04"]

1. e4 d6 2. d4 Nf6 3. Nc3 g6 4. h3 Bg7 5. Nf3 c6 6. a4 Qa5 7. Bd3 O-O 8. O-O e5
9. dxe5 dxe5 10. Be3 Nbd7 11. Nd2 Nh5 12. Nb3 Qc7 13. a5 Rd8 14. Qf3 Rb8 15.
Bxa7 Ra8 16. Be3 Re8 17. Bc4 Ndf6 18. Rfd1 Be6 19. Bxe6 fxe6 20. Bb6 Qc8 21.
Na4 Nd7 22. Qd3 Re7 23. Nbc5 Nf8 24. Qd8 Rf7 25. Qxc8 Rxc8 26. Rd8 Rxd8 27.
Bxd8 Nf4 28. c3 Bh6 29. Nb6 Ne2+ 30. Kf1 Ng3+ 31. Ke1 Be3 32. Nd3 Bxb6 33. Bxb6
Nxe4 34. Nxe5 Rf5 35. Ng4 Kf7 36. Nh6+ Ke8 37. Nxf5 exf5 38. f3 Nf6 39. Bd4 Nd5
40. a6 bxa6 41. Rxa6 Kd7 42. Ra7+ Ke6 43. g3 Nd7 44. c4 Nb4 45. Bc3 Nd3+ 46.
Ke2 N3e5 47. Bxe5 Nxe5 48. b3 h5 49. f4 Nd7 50. Rxd7 Kxd7 51. b4 Kd6 52. h4 Ke7
53. Kd3 Ke6 54. Kd4 Kd6 55. c5+ Kd7 56. Kc4 Ke6 57. b5 cxb5+ 58. Kxb5 Kd5 59.
c6 Ke4 60. c7 Kf3 61. c8=Q Kxg3 62. Qg8 1-0

[Event "I Festival A"]
[Site "Roseto degli Abruzzi ITA"]
[Date "2010.06.07"]
[Round "4"]
[White "Pap, Misa"]
[Black "Ansell, Simon T."]
[WhiteElo "2504"]
[BlackElo "2384"]
[Result "1-0"]
[PlyCount "89"]
[EventDate "2010.06.04"]

1. e4 c5 2. Nf3 Nc6 3. c3 Nf6 4. e5 Nd5 5. d4 cxd4 6. cxd4 d6 7. Bc4 Nb6 8. Bb5
d5 9. Nh4 e6 10. Nf3 Be7 11. Nc3 Bd7 12. Bd3 O-O 13. h4 f5 14. Ne2 Be8 15. Nf4
Bf7 16. g4 Qd7 17. a3 Rac8 18. b3 a5 19. g5 Be8 20. Bb5 Ra8 21. g6 Bxg6 22. h5
Bf7 23. Rg1 Qe8 24. h6 g6 25. Ne2 Nc8 26. Bg5 N8a7 27. Bd3 Bxg5 28. Nxg5 Qe7
29. Qd2 Rfc8 30. f3 Nd8 31. Kf2 Nac6 32. Qe3 Be8 33. Nf4 Na7 34. Bxf5 exf5 35.
Nxd5 Qf8 36. Nf6+ Kh8 37. Ngxh7 Qe7 38. d5 Rc2+ 39. Kg3 Nf7 40. e6 Qc7+ 41. Qf4
Qxf4+ 42. Kxf4 Nd6 43. Nf8 Bf7 44. Nxg6+ Bxg6 45. Rxg6 1-0

[Event "I Festival A"]
[Site "Roseto degli Abruzzi ITA"]
[Date "2010.06.07"]
[Round "4"]
[White "Pienabarca, Nicola"]
[Black "Lauria, Amilcare"]
[WhiteElo "2097"]
[BlackElo "2116"]
[Result "0-1"]
[PlyCount "126"]
[EventDate "2010.06.04"]

1. d4 Nf6 2. Nf3 d6 3. g3 g6 4. Bg2 Bg7 5. O-O O-O 6. c4 Na6 7. Nc3 c5 8. d5
Nc7 9. Nd2 Bg4 10. Qc2 Rb8 11. a4 Na6 12. h3 Bd7 13. Qd1 Nb4 14. Na2 a5 15.
Nxb4 cxb4 16. Rb1 Qc8 17. Kh2 h5 18. b3 h4 19. Bb2 hxg3+ 20. fxg3 Nh5 21. Ne4
Bxb2 22. Rxb2 Bf5 23. e3 Bxe4 24. Bxe4 Nf6 25. Qd4 Qc5 26. Qxc5 dxc5 27. Bd3
Kg7 28. Rbf2 Rbd8 29. g4 Nd7 30. Kg3 Ne5 31. Be2 f6 32. h4 Rd6 33. Bd1 Nd3 34.
Rg2 Ne5 35. Bc2 Rh8 36. Rh2 e6 37. e4 Nf7 38. Rhf2 exd5 39. exd5 Re8 40. g5
Re3+ 41. Kg2 f5 42. h5 Nxg5 43. hxg6 Ne4 44. Bxe4 Rxg6+ 45. Kh2 Rxe4 46. Rg2
Rxg2+ 47. Kxg2 Kf6 48. Kf3 Rh4 49. Rd1 Ke7 50. Re1+ Kd7 51. Kg3 Rd4 52. Kf3 Rh4
53. Re3 f4 54. Rd3 b5 55. axb5 Rh3+ 56. Ke4 Rxd3 57. Kxd3 a4 58. bxa4 f3 59. a5
f2 60. Ke2 f1=Q+ 61. Kxf1 b3 62. a6 b2 63. a7 b1=Q+ 0-1

[Event "I Festival A"]
[Site "Roseto degli Abruzzi ITA"]
[Date "2010.06.07"]
[Round "4"]
[White "Prelati, Maurizio"]
[Black "Napoli, Nicolo'"]
[WhiteElo "2120"]
[BlackElo "2334"]
[Result "0-1"]
[PlyCount "82"]
[EventDate "2010.06.04"]

1. e4 c6 2. d4 d5 3. exd5 cxd5 4. Bd3 Nc6 5. c3 g6 6. Nf3 Bg7 7. Bf4 f6 8. O-O
Bg4 9. Re1 Qb6 10. Qc2 Bxf3 11. gxf3 Kf7 12. Nd2 Rc8 13. Nb3 e5 14. Be3 Qc7 15.
Rac1 Nge7 16. Qd2 Nf5 17. c4 exd4 18. cxd5 Nh4 19. Nxd4 Nxd4 20. Rxc7+ Rxc7 21.
Qb4 Ndxf3+ 22. Kf1 Nxe1 23. Kxe1 Ng2+ 24. Ke2 Nxe3 25. fxe3 Rd8 26. Bc4 Rcd7
27. a4 Bf8 28. Qb3 Bd6 29. h3 Re7 30. Bd3 Rde8 31. e4 f5 32. Kd2 fxe4 33. Bb5
Rf8 34. Qe3 Kg7 35. Qxa7 e3+ 36. Ke1 Rf4 37. Be2 Kh6 38. Qb6 Rxa4 39. Qxd6 Ra1+
40. Bd1 e2 41. Qf4+ Kg7 0-1

[Event "I Festival A"]
[Site "Roseto degli Abruzzi ITA"]
[Date "2010.06.07"]
[Round "4"]
[White "Salvador, Roland"]
[Black "Marholev, Dimitar"]
[WhiteElo "2485"]
[BlackElo "2433"]
[Result "0-1"]
[PlyCount "70"]
[EventDate "2010.06.04"]

1. d4 Nf6 2. Nf3 g6 3. c4 Bg7 4. Nc3 O-O 5. e4 d6 6. h3 Na6 7. Be3 Qe8 8. g4 c5
9. d5 e6 10. Nd2 exd5 11. cxd5 Nc7 12. a4 Nd7 13. Rg1 Qe7 14. Qc2 Na6 15. Bxa6
bxa6 16. Nc4 Ne5 17. Nxe5 Bxe5 18. O-O-O Rb8 19. f4 Bxc3 20. bxc3 Re8 21. Rge1
Bd7 22. Bf2 Qf6 23. Rd3 Qxf4+ 24. Rde3 Bxa4 25. Bg3 Qxe3+ 26. Rxe3 Bxc2 27.
Kxc2 Rb6 28. Kd3 a5 29. e5 dxe5 30. Kc4 a4 31. Re2 f5 32. Bf2 a3 33. Bxc5 Rb2
34. Re1 a2 35. Ra1 Rc8 0-1

[Event "I Festival A"]
[Site "Roseto degli Abruzzi ITA"]
[Date "2010.06.07"]
[Round "4"]
[White "Samolins, Vitalijs"]
[Black "Porat, Maya"]
[WhiteElo "2426"]
[BlackElo "2182"]
[Result "1-0"]
[PlyCount "69"]
[EventDate "2010.06.04"]

1. e4 c5 2. Nc3 e6 3. g3 d5 4. Bg2 d4 5. Nce2 d3 6. cxd3 Nc6 7. Nf3 Qxd3 8. O-O
Nf6 9. Ne1 Qd7 10. Nc2 b6 11. e5 Nd5 12. Nc3 Bb7 13. Nxd5 exd5 14. d4 cxd4 15.
Qh5 g6 16. Qh4 Be7 17. Qf4 O-O 18. Nxd4 Nxd4 19. Qxd4 f6 20. Bf4 Bc5 21. Qd3
fxe5 22. Bxe5 Rae8 23. Rae1 Re7 24. Bd4 Ref7 25. Rd1 Rd8 26. Rfe1 Re7 27. h4
Rxe1+ 28. Rxe1 Rf8 29. Re5 Qd6 30. h5 Bxd4 31. Qxd4 Rd8 32. h6 Qf8 33. Bh3 Qxh6
34. Be6+ Kf8 35. Qb4+ 1-0

[Event "I Festival A"]
[Site "Roseto degli Abruzzi ITA"]
[Date "2010.06.07"]
[Round "4"]
[White "Sautto, Alessandra"]
[Black "Dinter, Brian"]
[WhiteElo "1934"]
[BlackElo "2116"]
[Result "0-1"]
[PlyCount "169"]
[EventDate "2010.06.04"]

1. e4 c6 2. d4 g6 3. Nc3 d5 4. h3 Bg7 5. Nf3 dxe4 6. Nxe4 Nd7 7. c3 Ngf6 8.
Nxf6+ Nxf6 9. Bd3 O-O 10. O-O Qc7 11. Bg5 c5 12. Qd2 e6 13. Bf4 Qb6 14. a4 cxd4
15. cxd4 Nd5 16. Bg3 Bd7 17. Ne5 Rfd8 18. Be4 Be8 19. a5 Qb5 20. a6 b6 21. Bd3
Qb4 22. Qxb4 Nxb4 23. Be4 Rac8 24. Rfd1 Bb5 25. Bb7 Rc2 26. b3 f6 27. Nf3 Bh6
28. Re1 Kf7 29. Re4 Bd3 30. Rh4 Kg7 31. Ne1 Rc3 32. Nxd3 Rxd3 33. Re1 Bg5 34.
Rhe4 Nc2 35. Rxe6 Nxe1 36. Rxe1 f5 37. Be5+ Bf6 38. Bxf6+ Kxf6 39. d5 Rxb3 40.
Re6+ Kf7 41. Rc6 Ke7 42. Re6+ Kf8 43. Rf6+ Kg7 44. Rc6 Rd7 45. Rc8 Rb1+ 46. Kh2
Rd1 47. Ra8 b5 48. Rxa7 b4 49. Ra8 b3 50. Rb8 b2 51. Bc6 Ra7 52. Rxb2 Rxa6 53.
Rb7+ Kh6 54. Rb2 Kg5 55. g3 Kf6 56. Re2 Raa1 57. Kg2 Rg1+ 58. Kf3 Ra3+ 59. Re3
Rxe3+ 60. Kxe3 Ke5 61. h4 Rb1 62. Kf3 Rb3+ 63. Kg2 f4 64. g4 h6 65. Ba8 Rd3 66.
Bc6 Rd4 67. Bb7 h5 68. gxh5 gxh5 69. Bc6 Rb4 70. Be8 Kxd5 71. Bxh5 Ke5 72. Bg6
Kf6 73. h5 Kg5 74. f3 Rb2+ 75. Kf1 Rh2 76. Kg1 Rb2 77. Kf1 Rb6 78. Ke2 Kh4 79.
Kf2 Rb2+ 80. Kf1 Kg3 81. Be4 Rh2 82. h6 Rxh6 83. Ke2 Rb6 84. Kf1 Rb3 85. Bd5
0-1

[Event "I Festival A"]
[Site "Roseto degli Abruzzi ITA"]
[Date "2010.06.07"]
[Round "4"]
[White "Spada, Angelo"]
[Black "Di Donatantonio, Franco"]
[WhiteElo "2058"]
[BlackElo "2136"]
[Result "0-1"]
[PlyCount "55"]
[EventDate "2010.06.04"]

1. d4 d6 2. Nf3 Nf6 3. c4 Nbd7 4. Nc3 e5 5. Bg5 Be7 6. e3 O-O 7. Qc2 c6 8. Be2
Re8 9. O-O Qc7 10. b4 Nf8 11. c5 exd4 12. exd4 dxc5 13. dxc5 Bg4 14. Rad1 Nh5
15. Bxe7 Qxe7 16. Rd4 Nf6 17. Rfd1 a5 18. a3 axb4 19. axb4 Ra3 20. R4d2 Rxc3
21. Qxc3 Ne4 22. Qd3 Nxd2 23. Rxd2 Ng6 24. Kf1 Nf4 25. Qc4 Bxf3 26. Qxf4 Bxe2+
27. Rxe2 Qxe2+ 28. Kg1 0-1

[Event "I Festival A"]
[Site "Roseto degli Abruzzi ITA"]
[Date "2010.06.07"]
[Round "4"]
[White "Sveshnikov, Vladimir"]
[Black "Neubauer, Kai"]
[WhiteElo "2382"]
[BlackElo "2028"]
[Result "1-0"]
[PlyCount "81"]
[EventDate "2010.06.04"]

1. e4 c5 2. c3 d5 3. exd5 Qxd5 4. d4 cxd4 5. cxd4 Nc6 6. Nf3 e5 7. Nc3 Bb4 8.
Bd2 Bxc3 9. Bxc3 e4 10. Ne5 Nxe5 11. dxe5 Ne7 12. Qe2 O-O 13. Rd1 Qxa2 14. Qxe4
Bf5 15. Qxb7 Rad8 16. Be2 Nd5 17. Bd4 Qa5+ 18. b4 Nxb4 19. O-O Rd7 20. Qf3 Bc2
21. Ra1 Qd5 22. Bc3 Nd3 23. Qxd5 Rxd5 24. f4 Rd7 25. Ra3 Rb8 26. f5 Nc5 27. e6
fxe6 28. fxe6 Re7 29. Be5 Rd8 30. Rc3 Rd5 31. Bg3 Bg6 32. Bf3 Rf5 33. Bd6 Rxe6
34. Bxc5 a5 35. Rd1 Re8 36. Ba3 Rfe5 37. Rc7 Re1+ 38. Rxe1 Rxe1+ 39. Kf2 Re8
40. Bd5+ Kh8 41. Bb2 1-0

[Event "I Festival A"]
[Site "Roseto degli Abruzzi ITA"]
[Date "2010.06.07"]
[Round "4"]
[White "Vita, Fabrizio"]
[Black "Bellincampi, Stefano"]
[WhiteElo "2082"]
[BlackElo "2046"]
[Result "1/2-1/2"]
[PlyCount "93"]
[EventDate "2010.06.04"]

1. c4 Nf6 2. Nc3 e5 3. Nf3 Nc6 4. g3 d5 5. cxd5 Nxd5 6. Bg2 Nb6 7. O-O Be7 8.
a3 O-O 9. b4 Re8 10. Rb1 Bf8 11. d3 a5 12. b5 Nd4 13. Bb2 Bg4 14. Nd2 c6 15.
bxc6 Nxc6 16. Re1 Qd7 17. Qb3 Ra6 18. Na4 Nxa4 19. Qxa4 Bh5 20. Qb5 Qc7 21. Nc4
f6 22. Kf1 Bf7 23. Rec1 Rb8 24. Bc3 Na7 25. Qb2 b5 26. Ne3 Qd7 27. d4 exd4 28.
Bxd4 Bxa3 29. Qxa3 Qxd4 30. Nf5 Qe5 31. Rc5 Qe6 32. Bd5 Qd7 33. Qf3 Rd8 34. Rd1
Nc6 35. Qg4 g6 36. Nh6+ Kg7 37. Nxf7 Qxg4 38. Nxd8 Nxd8 39. Bf3 Qb4 40. Rc7+
Kh6 41. Rxd8 Rd6 42. Rh8 Kg5 43. Rhxh7 Kf5 44. Rce7 Re6 45. Rd7 Rd6 46. Rde7
Re6 47. Rd7 1/2-1/2

[Event "I Festival A"]
[Site "Roseto degli Abruzzi ITA"]
[Date "2010.06.07"]
[Round "4"]
[White "Yurenok, Maria S."]
[Black "Vuelban, Virgilio"]
[WhiteElo "1984"]
[BlackElo "2369"]
[Result "0-1"]
[PlyCount "102"]
[EventDate "2010.06.04"]

1. d4 Nf6 2. c4 e6 3. Nc3 Nc6 4. a3 g6 5. Bg5 Bg7 6. Nf3 d6 7. Ne4 h6 8. Bxf6
Bxf6 9. Nxf6+ Qxf6 10. e3 Bd7 11. Qc2 e5 12. d5 Ne7 13. Bd3 a5 14. h3 b6 15.
O-O-O a4 16. Kb1 Qg7 17. g4 f5 18. gxf5 gxf5 19. Rhg1 Qf6 20. Be2 O-O-O 21. Ka1
Rdg8 22. Nd2 Qh4 23. Nf3 Qf6 24. c5 bxc5 25. Qc3 Rxg1 26. Nxg1 Rg8 27. Qa5 Kd8
28. Bb5 Bxb5 29. Qxb5 Qh4 30. Ne2 Qxf2 31. Nc3 Qc2 32. Qb8+ Nc8 33. Rb1 Qb3 34.
Nb5 Rg7 35. Rf1 Qd3 36. Rb1 Qb3 37. Rf1 c4 38. Rb1 Qxe3 39. Qa8 Qc5 40. Qxa4
Qxd5 41. Nc3 Qc5 42. Qa8 e4 43. Rf1 Rg1 44. Rxg1 Qxg1+ 45. Ka2 Qc5 46. a4 c6
47. Qb7 d5 48. Qh7 Ne7 49. Qxh6 Kd7 50. Ne2 d4 51. Nf4 Qd6 0-1

[Event "I Festival A"]
[Site "Roseto degli Abruzzi ITA"]
[Date "2010.06.08"]
[Round "5"]
[White "Ansell, Simon T."]
[Black "Napoli, Nicolo'"]
[WhiteElo "2384"]
[BlackElo "2334"]
[Result "0-1"]
[PlyCount "96"]
[EventDate "2010.06.04"]

1. e4 c6 2. d4 d5 3. e5 c5 4. c3 Nc6 5. Be3 Nh6 6. Nf3 Bg4 7. dxc5 Nf5 8. Bf4
e6 9. h3 Bxf3 10. Qxf3 Bxc5 11. Bd3 Nh4 12. Qg3 Ng6 13. O-O Qc7 14. Bxg6 hxg6
15. Nd2 Rh5 16. Nf3 O-O-O 17. Qg4 Bb6 18. Rfe1 Kb8 19. Rad1 Ka8 20. h4 Ne7 21.
Bg5 Rf8 22. Qb4 Bc5 23. Qf4 Nc6 24. c4 Qb6 25. Qg3 dxc4 26. Re4 f6 27. exf6
gxf6 28. Bc1 Rd5 29. Rf1 g5 30. Rxe6 a6 31. Rfe1 Ka7 32. Nd2 Rd3 33. Nf3 g4 34.
Qxg4 Bxf2+ 35. Kh2 Bxe1 36. Nxe1 Rd4 37. Qg3 Rh8 38. Nf3 Rd3 39. Rxf6 Qb5 40.
Qf4 Ka8 41. Rf8+ Rxf8 42. Qxf8+ Rd8 43. Qf6 Qd5 44. Bg5 Re8 45. Qf5 Re4 46.
Qf8+ Ka7 47. Qh6 a5 48. Bf6 Qd6+ 0-1

[Event "I Festival A"]
[Site "Roseto degli Abruzzi ITA"]
[Date "2010.06.08"]
[Round "5"]
[White "Bellincampi, Stefano"]
[Black "Braschi, Giancarlo"]
[WhiteElo "2046"]
[BlackElo "2062"]
[Result "0-1"]
[PlyCount "146"]
[EventDate "2010.06.04"]

1. e4 c5 2. c3 d6 3. d4 Nd7 4. Nf3 e5 5. Bd3 g6 6. dxe5 dxe5 7. O-O Bg7 8. Be3
Ngf6 9. h3 Nh5 10. Re1 Nf4 11. Bf1 O-O 12. Nbd2 Qe7 13. a4 Nf6 14. Qc2 N6h5 15.
Rad1 g5 16. Nh2 f5 17. exf5 Bxf5 18. Ne4 Kh8 19. g4 Bxe4 20. Qxe4 Nf6 21. Qc4
Nd7 22. Qb5 Rf7 23. Qxb7 Rb8 24. Rxd7 Rxb7 25. Rxe7 Rbxe7 26. Bxc5 Rd7 27. Be3
e4 28. Bg2 Be5 29. Nf1 Rb7 30. Bxf4 Bxf4 31. b4 Rbc7 32. Rxe4 Rxc3 33. b5 Rc2
34. Re8+ Kg7 35. Bd5 Rd7 36. Bc6 Rf7 37. Bd5 Rd7 38. Rg8+ Kh6 39. Be4 Ra2 40.
Bc6 Re7 41. Ra8 Ra1 42. Kg2 Ra3 43. Rf8 Kg7 44. Ra8 Kf6 45. Rd8 Bc7 46. Rf8+
Rf7 47. Rc8 Re7 48. Rf8+ Kg7 49. Rf5 Re5 50. Ne3 Rxf5 51. Nxf5+ Kf8 52. Ne3 Bb6
53. Nc4 Rxa4 54. Nxb6 axb6 55. Kg3 Ke7 56. h4 h6 57. hxg5 hxg5 58. f3 Ra2 59.
Bd5 Rd2 60. Bc6 Kd6 61. Be8 Ke5 62. Bc6 Kd4 63. Bb7 Ke3 64. Bc6 Rd1 65. Bb7
Rg1+ 66. Kh2 Kf2 67. Bc6 Rg3 68. Bb7 Rxf3 69. Bxf3 Kxf3 70. Kh3 Kf4 71. Kh2
Kxg4 72. Kg2 Kf4 73. Kf2 Ke4 0-1

[Event "I Festival A"]
[Site "Roseto degli Abruzzi ITA"]
[Date "2010.06.08"]
[Round "5"]
[White "Bove, Alessandro"]
[Black "Salvador, Roland"]
[WhiteElo "2346"]
[BlackElo "2485"]
[Result "1/2-1/2"]
[PlyCount "50"]
[EventDate "2010.06.04"]

1. d4 Nf6 2. c4 e6 3. Nc3 Bb4 4. Qc2 O-O 5. a3 Bxc3+ 6. Qxc3 Ne4 7. Qc2 f5 8.
Nh3 d6 9. f3 Nf6 10. e3 e5 11. dxe5 dxe5 12. Be2 c5 13. O-O Nc6 14. b4 f4 15.
b5 Ne7 16. Nf2 Nh5 17. Bd3 Nf5 18. Ng4 fxe3 19. Bxe3 Nf4 20. Rad1 Nxd3 21. Qxd3
Qxd3 22. Rxd3 Nxe3 23. Nxe3 Be6 24. Rd6 Rae8 25. Nd5 Bxd5 1/2-1/2

[Event "I Festival A"]
[Site "Roseto degli Abruzzi ITA"]
[Date "2010.06.08"]
[Round "5"]
[White "Di Donatantonio, Franco"]
[Black "Porat, Maya"]
[WhiteElo "2136"]
[BlackElo "2182"]
[Result "0-1"]
[PlyCount "56"]
[EventDate "2010.06.04"]

1. e4 c5 2. Nf3 e6 3. c3 Nc6 4. Bb5 Nge7 5. d3 a6 6. Ba4 b5 7. Bc2 Ng6 8. O-O
d6 9. Re1 e5 10. Nbd2 Be7 11. Nf1 O-O 12. Ng3 a5 13. d4 cxd4 14. cxd4 Bg4 15.
d5 Nd4 16. Nf5 Nxf5 17. exf5 Nh4 18. h3 Bxf3 19. gxf3 Bg5 20. Kh1 Bxc1 21. Rxc1
Rc8 22. Rg1 Qf6 23. Qd3 Rc4 24. Rg4 Rfc8 25. Rxc4 Rxc4 26. a4 e4 27. Qb3 Qxf5
28. fxe4 Qxf2 0-1

[Event "I Festival A"]
[Site "Roseto degli Abruzzi ITA"]
[Date "2010.06.08"]
[Round "5"]
[White "Dinter, Brian"]
[Black "Cocchi, Andrea"]
[WhiteElo "2116"]
[BlackElo "2244"]
[Result "0-1"]
[PlyCount "126"]
[EventDate "2010.06.04"]

1. d4 d6 2. Bf4 g6 3. e3 Bg7 4. Nf3 Nf6 5. h3 O-O 6. Be2 c5 7. c3 b6 8. O-O Bb7
9. Nbd2 Nc6 10. a4 Nd5 11. Bh2 cxd4 12. exd4 Bh6 13. Bc4 Nf4 14. Re1 e5 15.
dxe5 Nxe5 16. Bxf4 Bxf4 17. Nxe5 dxe5 18. Ne4 Qc7 19. Qe2 Rad8 20. g3 Bh6 21.
Kh2 Kg7 22. h4 f6 23. Bb5 Rd5 24. Bc4 Rd7 25. Bb5 Rd5 26. Bc4 Rdd8 27. Bb5 Qe7
28. Rad1 f5 29. Ng5 Bxg5 30. hxg5 e4 31. Qe3 Qe5 32. Qf4 Qxf4 33. gxf4 h6 34.
gxh6+ Kxh6 35. Kg3 g5 36. Rh1+ Kg6 37. Rhg1 Rh8 38. Be2 Bd5 39. c4 Be6 40. b3
Kf6 41. Rxd8 Rxd8 42. Rd1 Rh8 43. Rd6 Ke7 44. Rd1 g4 45. Bf1 Rh1 46. Ra1 Kd6
47. a5 bxa5 48. Kg2 Rh3 49. Rxa5 Rxb3 50. Rxa7 e3 51. Ra6+ Kd7 52. fxe3 Rxe3
53. c5 Bd5+ 54. Kg1 Kc7 55. Bb5 g3 56. Ra7+ Kb8 57. Ra1 Rc3 58. Bd7 Be4 59. c6
Rc2 60. Kf1 Rf2+ 61. Kg1 Rh2 62. Ra8+ Kxa8 63. Kf1 Bf3 0-1

[Event "I Festival A"]
[Site "Roseto degli Abruzzi ITA"]
[Date "2010.06.08"]
[Round "5"]
[White "Lauria, Amilcare"]
[Black "Rotstein, Arkadij"]
[WhiteElo "2116"]
[BlackElo "2538"]
[Result "0-1"]
[PlyCount "52"]
[EventDate "2010.06.04"]

1. e4 c5 2. Nf3 e6 3. d4 cxd4 4. Nxd4 Nc6 5. c3 Qc7 6. Be3 Nf6 7. Nd2 d5 8.
Nxc6 bxc6 9. f3 Bd6 10. g3 Rb8 11. Qc2 h5 12. Bd3 h4 13. g4 Bxh2 14. O-O-O Bf4
15. Bc5 Nd7 16. Ba3 Qa5 17. exd5 cxd5 18. Rde1 Ne5 19. Kd1 Nxd3 20. Qxd3 Qa4+
21. Nb3 Ba6 22. Rxe6+ fxe6 23. Qg6+ Kd8 24. Qxg7 Re8 25. Bb4 Rxb4 26. cxb4 Qxb4
0-1

[Event "I Festival A"]
[Site "Roseto degli Abruzzi ITA"]
[Date "2010.06.08"]
[Round "5"]
[White "Luigini, Ottavio"]
[Black "Vita, Fabrizio"]
[WhiteElo "2067"]
[BlackElo "2082"]
[Result "1-0"]
[PlyCount "97"]
[EventDate "2010.06.04"]

1. c4 g6 2. Nc3 Bg7 3. g3 c5 4. Bg2 Nc6 5. a3 e5 6. d3 Nge7 7. e4 O-O 8. Nge2
d6 9. O-O f5 10. Rb1 a5 11. Bd2 Rb8 12. Nb5 fxe4 13. dxe4 Bg4 14. f3 Be6 15.
Qc2 Qd7 16. Qd3 Rbd8 17. Nec3 Nd4 18. Nxd4 exd4 19. Nd5 Nc6 20. f4 Rb8 21. Rfc1
b6 22. b4 Rb7 23. bxa5 Bxd5 24. exd5 Nxa5 25. Rb5 Ra8 26. Rcb1 Bf6 27. Rxb6
Rxb6 28. Rxb6 Bd8 29. Rb5 Qa7 30. Bf3 Rb8 31. a4 Rb7 32. Bg4 Rxb5 33. axb5 Qe7
34. Be6+ Kg7 35. h4 h6 36. Qc2 Qf6 37. Qd3 Qe7 38. Kg2 Nb7 39. Bc1 Ba5 40. h5
gxh5 41. Qe2 Nd8 42. f5 Qf6 43. Qxh5 d3 44. Qg4+ Kf8 45. Qg8+ Ke7 46. Qh7+ Nf7
47. Bxh6 Ke8 48. Qg8+ Ke7 49. Qf8# 1-0

[Event "I Festival A"]
[Site "Roseto degli Abruzzi ITA"]
[Date "2010.06.08"]
[Round "5"]
[White "Marholev, Dimitar"]
[Black "Romanishin, Oleg M."]
[WhiteElo "2433"]
[BlackElo "2519"]
[Result "1/2-1/2"]
[PlyCount "34"]
[EventDate "2010.06.04"]

1. Nf3 Nf6 2. c4 e6 3. g3 a6 4. Bg2 b5 5. b3 c5 6. d4 Bb7 7. d5 exd5 8. Nh4 g6
9. cxd5 Bg7 10. Bb2 d6 11. O-O O-O 12. e4 Re8 13. Re1 Nbd7 14. Nd2 Rc8 15. Rc1
Qb6 16. Ba3 Re7 17. Qc2 Rce8 1/2-1/2

[Event "I Festival A"]
[Site "Roseto degli Abruzzi ITA"]
[Date "2010.06.08"]
[Round "5"]
[White "Naumkin, Igor"]
[Black "Pap, Misa"]
[WhiteElo "2480"]
[BlackElo "2504"]
[Result "1/2-1/2"]
[PlyCount "75"]
[EventDate "2010.06.04"]

1. d4 Nf6 2. Nf3 e6 3. c4 c5 4. d5 b5 5. Bg5 b4 6. e4 d6 7. Nbd2 Be7 8. Bxf6
Bxf6 9. Qc2 a5 10. Be2 O-O 11. O-O Nd7 12. Kh1 Bd4 13. Nxd4 cxd4 14. f4 Qb6 15.
Rac1 Ba6 16. Nf3 Rfe8 17. dxe6 fxe6 18. e5 dxe5 19. fxe5 Re7 20. Qe4 Bb7 21.
Qh4 Rae8 22. Bd3 g6 23. Nxd4 Nxe5 24. c5 Qd8 25. Be2 g5 26. Qf2 Rf7 27. Qe3 Qd5
28. c6 Rxf1+ 29. Rxf1 Nxc6 30. Nf5 Kh8 31. Qxg5 Qe5 32. Nd6 Qxg5 33. Nf7+ Kg8
34. Nxg5 Nd4 35. Bd3 h6 36. Ne4 Rd8 37. Nf6+ Kf8 38. Be4 1/2-1/2

[Event "I Festival A"]
[Site "Roseto degli Abruzzi ITA"]
[Date "2010.06.08"]
[Round "5"]
[White "Neubauer, Kai"]
[Black "Ori, Marco"]
[WhiteElo "2028"]
[BlackElo "2106"]
[Result "0-1"]
[PlyCount "70"]
[EventDate "2010.06.04"]

1. d4 Nf6 2. c4 g6 3. Nc3 d5 4. cxd5 Nxd5 5. e4 Nxc3 6. bxc3 c5 7. Bc4 Bg7 8.
Ne2 O-O 9. O-O Nc6 10. Be3 Qc7 11. Rc1 Rd8 12. Qe1 Qa5 13. Rd1 b5 14. Bd5 Bb7
15. Bxc6 Bxc6 16. d5 Bb7 17. Bxc5 Rd7 18. Bd4 Qxa2 19. Bxg7 Kxg7 20. Nd4 Qc4
21. f4 a5 22. f5 Rdd8 23. Qh4 Qc7 24. f6+ exf6 25. Qxf6+ Kg8 26. Nxb5 Qd7 27.
Nd4 Ra6 28. Nc6 Re8 29. Qf4 Bxc6 30. dxc6 Qa7+ 31. Kh1 Rxc6 32. Rd3 Rce6 33.
Rd4 Qe7 34. Qd2 Rxe4 35. Rd7 Re1 0-1

[Event "I Festival A"]
[Site "Roseto degli Abruzzi ITA"]
[Date "2010.06.08"]
[Round "5"]
[White "Pienabarca, Nicola"]
[Black "Prelati, Maurizio"]
[WhiteElo "2097"]
[BlackElo "2120"]
[Result "1/2-1/2"]
[PlyCount "83"]
[EventDate "2010.06.04"]

1. d4 d5 2. Nf3 Nf6 3. c4 c6 4. e3 Bf5 5. Nc3 e6 6. Nh4 Bg6 7. Be2 Nbd7 8. Qb3
Qb6 9. c5 Qc7 10. Bd2 e5 11. Qd1 Be7 12. f4 exd4 13. exd4 Ne4 14. Nxg6 Nxc3 15.
bxc3 hxg6 16. O-O O-O-O 17. g3 f5 18. Qa4 b5 19. cxb6 Nxb6 20. Qa6+ Kd7 21. c4
Bf6 22. Bc3 Rde8 23. c5 Na4 24. Qxa4 Rxe2 25. h4 Rhe8 26. Ba5 Qb7 27. Bc3 R8e3
28. Rfb1 Qc7 29. Ba5 Rxg3+ 30. Kh1 Rh3+ 31. Kg1 Qxa5 32. Rb7+ Ke8 33. Qxc6+ Kf8
34. Rb8+ Kf7 35. Qxd5+ Re6 36. Rb7+ Be7 37. Rab1 Qd2 38. Rxe7+ Kxe7 39. Rb7+
Kf8 40. Rb8+ Kf7 41. Qd7+ Re7 42. Qd5+ 1/2-1/2